| 000 | 00707nam a2200229 a 4500 | ||
|---|---|---|---|
| 005 | 20231017063632.0 | ||
| 008 | 011121s2000 mx r 000 0 spa d | ||
| 020 | _a9701842081 (CNCA) | ||
| 020 | _a881657173X (Jaca Book) | ||
| 035 | _aUPN01000113978 | ||
| 049 | _aI | ||
| 050 | 4 |
_aF3429 _bE8.8 |
|
| 100 | 1 |
_aEscalante Gonzalbo, Pablo, _d1963- _930882 |
|
| 245 | 1 | 3 |
_aUn día en la vida de-- un pastor laca / _cPablo Escalante Gonzalbo ; il. Fabricio Vanden Broeck. |
| 260 |
_aMéxico : _bCNCA : _bJaca Book, _cc2000. |
||
| 300 |
_a45 p. : _eil. col. |
||
| 440 | 0 | _aIndígenas de América | |
| 650 | 4 |
_aIncas _96133 |
|
| 651 | 4 |
_aPerú _xHistoria _910039 |
|
| 740 | 3 | _aUn pastor inca | |
| 905 | _aInfantil | ||
| 999 |
_c87886 _d87886 |
||